| 000 | 00786cab a2200265 4500 | ||
|---|---|---|---|
| 001 | ABS60078 | ||
| 008 | 090401t1999 xxu||||| |||| 00| 0 eng d | ||
| 035 | _a(Sirsi) u99714 | ||
| 041 | _aeng | ||
| 100 | _aKnutt, E. | ||
| 245 | _aMake-or-break time for engineers | ||
| 260 | _c1999 | ||
| 350 | _a0 | ||
| 490 |
_aBuilding _v264(8076) 26 February 1999, 22-23(2) |
||
| 520 | _aLooks at recent mergers between UK and US consulting engineers. Considers the implications this has for the industry, and the benefits it provides for larger firms. | ||
| 650 | _aCONSULTING ENGINEERS | ||
| 650 | _aFORECASTS | ||
| 650 | _aGLOBALISATION | ||
| 650 | _aMERGERS | ||
| 650 | _aTRENDS | ||
| 650 | _aUS COMPANIES | ||
| 690 | _aBUILT ENVIRONMENT | ||
| 942 | _n0 | ||
| 948 | _c03/03/1999 | ||
| 999 |
_c59952 _d59952 |
||